Crania armenica (Запись № 5486294)

Подробности
000 -МАРКЕР
контрольное поле 01679nam0a22003011 4500
001 - ИДЕНТИФИКАТОР ЗАПИСИ
контрольное поле rc\2560333
005 - ИДЕНТИФИКАТОР ВЕРСИИ
контрольное поле 20250623104540.0
035 ## - ДРУГИЕ СИСТЕМНЫЕ НОМЕРА
Идентификатор записи (NLR Aleph) 006725257
100 ## - ДАННЫЕ ОБЩЕЙ ОБРАБОТКИ
Данные общей обработки 20110914d1927 |||y0rusy50 ca
101 0# - ЯЗЫК РЕСУРСА
Язык текста, звукозаписи и т.д. русский
102 ## - СТРАНА ПУБЛИКАЦИИ ИЛИ ПРОИЗВОДСТВА
Страна публикации российская федерация
105 ## - ПОЛЕ КОДИРОВАННЫХ ДАННЫХ: ТЕКСТОВЫЕ МАТЕРИАЛЫ, МОНОГРАФИЧЕСКИЕ
Кодированные данные о монографическом текстовом документе ab z |||||
200 1# - ЗАГЛАВИЕ И СВЕДЕНИЯ ОБ ОТВЕТСТВЕННОСТИ
Основное заглавие Crania armenica
Сведения, относящиеся к заглавию Исследование по антропологии передней Азии
-- С табл. измерений, граф., диагр. и фотогр.
Первые сведения об ответственности Проф. В. В. Бунак
210 ## - ПУБЛИКАЦИЯ, РАСПРОСТРАНЕНИЕ И ДР.
Место издания, распространения и т.д. Москва
Имя издателя, распространителя и т. д. Ассоциация науч.-исследоват. инст-тов при Физико-математич. фак-те I М.Г.У.
Дата издания, распространения и т.д. 1927
Имя изготовителя тип. кооп-ва "Наука и просвещение"
215 ## - ФИЗИЧЕСКАЯ ХАРАКТЕРИСТИКА
Специфическое обозначение материала и объем 263 с., [26] вклад. л. ил., черт., граф., карт.
Другие сведения о физической характеристике граф.
Размеры 27х18 см.
225 1# - СЕРИЯ
Основное заглавие серии Труды Антропологического научно-исследовательского института при 1 М.Г.У.
Обозначение тома Вып. 2
300 ## - ОБЩИЕ ПРИМЕЧАНИЯ
Текст примечания Доб. тит. лист на нем. яз. Резюме на нем. яз.
300 ## - ОБЩИЕ ПРИМЕЧАНИЯ
Текст примечания На обл. - проф. В. В. Бунак. prof. V. Bunak
300 ## - ОБЩИЕ ПРИМЕЧАНИЯ
Текст примечания Прилож. к "Русскому антропологическому журналу", т. XVI вып. 1-2
320 ## - ПРИМЕЧАНИЯ О НАЛИЧИИ В ДОКУМЕНТЕ БИБЛИОГРАФИИ / УКАЗАТЕЛЯ
Текст примечания Библиография: "Список сочинений, на которые сделаны ссылки" (на 2 страницах)
700 #1 - ИМЯ ЛИЦА - ПЕРВИЧНАЯ ОТВЕТСТВЕННОСТЬ
Начальный элемент ввода Бунак
Часть имени, кроме начального элемента ввода В.В.
Даты 1891-
Расширение инициалов личного имени Виктор Валерианович
801 #0 - ИСТОЧНИК ЗАПИСИ
Страна российская федерация
Организация NLR
Правила каталогизации psbo
801 #1 - ИСТОЧНИК ЗАПИСИ
Страна российская федерация
Организация ELAR
Источник данных rusmarc
852 ## - МЕСТОНАХОЖДЕНИЕ И ШИФР ХРАНЕНИЯ
Идентификатор организации NLR
Шифр хранения (Call Number) П7/193
942 ## - ДОПОЛНИТЕЛЬНЫЕ ЭЛЕМЕНТЫ ЗАПИСИ (АБИС)
Тип экземпляра АБИС Книга
980 ## - КОЛЛЕКЦИЯ
Название коллекции Национальная библиография
Экземпляры
Тип экземпляра Дата поступления Библиотека постоянного хранения Библиотека текущего хранения Место хранения Шифр хранения Штрих-код Статус не для выдачи
Книга 26.10.2013 РНБ (Московский) РНБ (Московский) Русский журнальный фонд П7/193 6725257-10